How to write impressive business letters (Record no. 8847)
[ view plain ]
| 000 -LEADER | |
|---|---|
| fixed length control field | 00428 a2200145 4500 |
| 082 ## - DEWEY DECIMAL CLASSIFICATION NUMBER | |
| Classification number | 659.2 |
| 090 ## - LOCALLY ASSIGNED LC-TYPE CALL NUMBER (OCLC); LOCAL CALL NUMBER (RLIN) | |
| -- | 4970 |
| -- | 4970 |
| 100 ## - MAIN ENTRY--PERSONAL NAME | |
| Personal name | Nelson, Jens. |
| 245 ## - TITLE STATEMENT | |
| Title | How to write impressive business letters |
| Statement of responsibility, etc. | Jens, Nelson. |
| 260 ## - PUBLICATION, DISTRIBUTION, ETC. | |
| Place of publication, distribution, etc. | New Delhi: . |
| Name of publisher, distributor, etc. | Goodwill Publishing House |
| 300 ## - PHYSICAL DESCRIPTION | |
| Extent | 264 p. ; |
| Dimensions | 21 cm. |
| 500 ## - GENERAL NOTE | |
| General note | Includes Index |
| 650 ## - SUBJECT ADDED ENTRY--TOPICAL TERM | |
| Topical term or geographic name entry element | 1.Commercial correspondence. 2.Handbooks, manuals, etc, |
| 942 ## - ADDED ENTRY ELEMENTS (KOHA) | |
| Koha item type | Book |
| Call number prefix | 659.2 NEL |
| Withdrawn status | Lost status | Damaged status | Not for loan | Collection code | Permanent Location | Current Location | Shelving location | Date acquired | Source of acquisition | Cost, normal purchase price | Total Checkouts | Full call number | Barcode | Date last seen | Price effective from | Koha item type |
|---|---|---|---|---|---|---|---|---|---|---|---|---|---|---|---|---|
| Central Library (CL) | Central Library (CL) | General Stacks | 06/12/2002 | Vanguard Books | 117.00 | 659.2 NEL | SEECS002130 | 11/14/2012 | 01/05/2017 | Book |
